KOHA-Header-6

Problem Solving and Program Design in C (Record no. 931)

000 -LEADER
fixed length control field 00421nam a2200133Ia 4500
008 - FIXED-LENGTH DATA ELEMENTS--GENERAL INFORMATION
fixed length control field 190722s9999 xx 000 0 und d
020 ## - INTERNATIONAL STANDARD BOOK NUMBER
International Standard Book Number 978-93-325-1881-0
100 ## - MAIN ENTRY--PERSONAL NAME
Personal name Jeri R. Hanly, Elliot B. Koffman
245 #0 - TITLE STATEMENT
Title Problem Solving and Program Design in C
260 ## - PUBLICATION, DISTRIBUTION, ETC. (IMPRINT)
Place of publication, distribution, etc New Delhi (India)
Name of publisher, distributor, etc Dorling Kindersley India Pvt. Ltd. / Pearson India Education services
Date of publication, distribution, etc 2014
300 ## - PHYSICAL DESCRIPTION
Extent 852p.:
942 ## - ADDED ENTRY ELEMENTS (KOHA)
Koha item type Books
942 ## - ADDED ENTRY ELEMENTS (KOHA)
Edition
Holdings
Withdrawn status Lost status Damaged status Not for loan Collection code Permanent Location Current Location Shelving location Date acquired Total Checkouts Full call number Barcode Date last seen Date checked out Price effective from Koha item type
        Computer Languages MAJU MAJU Shelf No.A33 2019-07-22 1 658 7557 2020-11-03 2020-10-28 2019-07-22 Computer Languages

Powered by Koha